000
00327nam a2200145Ia 4500
100
_a
Muthukumaran/B
942
_c
BK
366
_f
25
654
_a
it
245
_a
Information technology for management
260
_b
Oxford university press
_c
2010
082
_a
5.74
_b
MUT
300
_a
680
546
_a
ENGLISH
_c
electronics
999
_c
18976
_d
18976